By His Excellency Francis Bernard, Esq; ... A proclamation[.] : Whereas yesterday, towards evening, a great number of people unlawfully and riotously assembled ... I ... issue this proclamation, requiring all justices of peace, and all officers civil and military, to use their utmost endeavours for discovering, apprehending and bringing to justice all and every of the persons concerned ... Given at the Council-chamber in Boston, the fifteenth day of August, 1765 ...

Bibliographic Details
Corporate Author: Massachusetts. Governor (1760-1769 : Bernard)
Other Authors: Bernard, Francis, Sir, 1712-1779
Format: eBook
Language:English
Series:Early American imprints. Evans (1639-1800) ; no. 41563.
Subjects:
Online Access:Evans Digital Edition

MARC

Tag First Indicator Second Indicator Subfields
LEADER 00000cam a22000001a 4500
001 in00002162521
006 m e d #
007 cr mn mmmmabba
008 860717s1765 mau s s000 0 eng d
005 20260331153344.6
035 |z w017444 
035 |a MAAR8607173705B 
035 |9 mwa91-13963 
035 |a 322791 
035 |a aas03017444 
040 |a MWA  |c MWA  |e bdrb  |d UtOrBLW 
110 1 |a Massachusetts.  |b Governor (1760-1769 : Bernard) 
245 1 0 |a By His Excellency Francis Bernard, Esq; ... A proclamation[.] :  |b Whereas yesterday, towards evening, a great number of people unlawfully and riotously assembled ... I ... issue this proclamation, requiring all justices of peace, and all officers civil and military, to use their utmost endeavours for discovering, apprehending and bringing to justice all and every of the persons concerned ... Given at the Council-chamber in Boston, the fifteenth day of August, 1765 ... 
264 3 |a [Boston] :  |b [Printed by Richard Draper?],  |c [1765] 
300 |a 1 sheet (1 unnumbered page) ;  |c 26 x 19 cm. 
336 |a text  |b txt  |2 rdacontent 
337 |a computer  |b c  |2 rdamedia 
338 |a online resource  |b cr  |2 rdacarrier 
500 |a Offering a reward of one hundred pounds for the apprehension of the vandals who rioted in Boston Aug. 14, 1765. 
500 |a Signed: By His Excellency's command, Jn'o[.] Cotton, dep. secr. Fra. Bernard. God save the King. 
500 |a Printer's name suggested by Bristol. 
510 4 |a Bristol  |c B2597 
510 4 |a Shipton & Mooney  |c 41563 
510 4 |a Ford, W.C. Broadsides,  |c 1355 
530 |a Microform version available in the Readex Early American Imprints series. 
533 |a Electronic text and image data.  |b [Chester, Vt. :  |c Readex, a division of Newsbank, Inc.,  |d 2002-2004.  |e Includes files in TIFF, GIF and PDF formats with inclusion of keyword searchable text.  |f (Early American imprints. First series ; no. 41563). 
500 |a Electronic resource. 
610 1 0 |a Great Britain.  |t Stamp Act (1765) 
650 0 |a Riots  |z Massachusetts  |z Boston. 
650 0 |a Bounties  |z Massachusetts. 
655 7 |a Broadsides.  |2 rbgenr 
700 1 |a Bernard, Francis,  |c Sir,  |d 1712-1779. 
752 |a United States  |b Massachusetts  |d Boston. 
830 0 |a Early American imprints.  |n Series I,  |p Evans (1639-1800) ;  |v no. 41563. 
856 4 1 |u http://proxy.library.tamu.edu/login?url=https://opac.newsbank.com/select/evans/41563  |y Evans Digital Edition  |t 0 
999 |a MARS 
999 f f |s 7cf8c378-c7f2-36d0-a7b1-c5cc12f53476  |i a3ee74d2-a837-33c6-a222-937f2871d519  |t 0 
952 f f |a Texas A&M University  |b College Station  |c Electronic Resources  |s www_evans  |d Available Online  |t 0  |h No information provided 
998 f f |t 0  |l Available Online